Detalles MARC
| 000 -LIDER |
| fixed length control field |
01558nam a2200337 a 4500 |
| 001 - NÚMERO DE CONTROL |
| Identificador de número de control |
000025500 |
| 003 - IDENTIFICACDOR DE NÚMERO DE CONTROL |
| control field |
DO-SdBNP |
| 005 - DATE AND TIME OF LATEST TRANSACTION |
| control field |
20221010095219.0 |
| 008 - ELEMENTOS DE LONGITUD FIJA |
| fixed length control field |
110217s2001 dr ac 001 0 spa d |
| 040 ## - FUENTE DE CATALOGACIÓN |
| Agencia que crea de manera original el registro |
DO-SdBNP |
| Idioma de catalogación |
spa |
| Agencia que realiza la transcripción |
BPMSU |
| 082 ## - NÚMERO DE CLASIFICACIÓN DECIMAL DE DEWEY |
| Classification number |
323.4 |
| Item number |
S471d 2001 |
| Edition number |
22 |
| 111 2# - ASIENTO PRINCIPAL--NOMBRE DE REUNIÓN O CONFERENCIA |
| Nombre de reunión o jurisdicción como elemento de entrada |
Seminario Internacional Sobre los Derechos Humanos en el Siglo XXI |
| Fecha de la reunión |
( 2001 : 21de junio |
| Lugar de la reunión |
Santo Domingo ) |
| 245 14 - MENCIÓN DE TITULO |
| Título |
El derecho a una vida digna : |
| Subtítulo |
proyecto de promoción de los derechos humanos en el Caribe y América Central (PRODERS) / |
| Mención de responsabilidad |
Rubén Silié ... [et al.] ; editor Eddy Tejeda. |
| 260 ## - PUBLICACIÓN, DISTRIBUCIÓN, ETC. (PIE DE IMPRENTA) |
| Lugar de publicación, distribución, etc |
Santo Domingo : |
| Nombre del editor, distribuidor, etc. |
FLACSO, |
| Fecha de publicación, distribución, etc |
2001 |
| 300 ## - DESCRIPCIÓN FÍSICA |
| Extensión |
81 p. : |
| Otros detalles físicos |
il., retrs. ; |
| Dimensiones |
21 cm. |
| 500 ## - NOTA GENERAL |
| Nota general |
Incluye referencias bibliográficas y notas al pie de las páginas |
| 504 ## - NOTA DE BIBLIOGRAFÍA, ETC. |
| Bibliography, etc |
Bibliografía : p.77-78. |
| 505 0# - NOTA DE CONTENIDO |
| Información miscelánea |
Introducción -- |
| Título |
La protección internacional de los derechos humanos -- |
| -- |
Las marcas de guerra en América Latina -- |
| -- |
Intolerancia, impunidad y exclusión en el Caribe -- |
| -- |
Conclusión -- |
| Información miscelánea |
Bibliografía. |
| 590 ## - NOTA LOCAL |
| Texto de la nota local |
Inventariado, 2022/VM |
| 650 #4 - ENCABEZAMIENTO DE MATERIA--TEMÁTICO |
| Término temático o nombre geográfico como elemento de entrada |
Derechos humanos |
| Subdivisión temática general |
Congresos, conferencias, etc. |
| 650 #4 - ENCABEZAMIENTO DE MATERIA--TEMÁTICO |
| Término temático o nombre geográfico como elemento de entrada |
Violación de los derechos humanos |
| 650 #4 - ENCABEZAMIENTO DE MATERIA--TEMÁTICO |
| Término temático o nombre geográfico como elemento de entrada |
Derechos civiles |
| 650 #4 - ENCABEZAMIENTO DE MATERIA--TEMÁTICO |
| Término temático o nombre geográfico como elemento de entrada |
Derechos económicos y sociales. |
| 700 1# - ASIENTO SECUNDARIO -- NOMBRE PERSONAL |
| Nombre personal |
Silié, Rubén |
| Fechas asociadas con el nombre |
1946- |
| Mención de responsabilidad |
ed. |
| 700 1# - ASIENTO SECUNDARIO -- NOMBRE PERSONAL |
| Nombre personal |
Tejeda, Eddy, |
| Mención de responsabilidad |
ed. |
| 710 2# - ASIENTO SECUNDARIO -- NOMBRE CORPORATIVO |
| Nombre corporativo o de jurisdicción |
FLACSO, Programa (República Dominicana) |
| 710 z# - ASIENTO SECUNDARIO -- NOMBRE CORPORATIVO |
| Nombre corporativo o de jurisdicción |
FLACSO (Organización). |
| Unidad subordinada |
Programa Dominicano |
| 710 z# - ASIENTO SECUNDARIO -- NOMBRE CORPORATIVO |
| Nombre corporativo o de jurisdicción |
FLACSO (Organización). |
| Unidad subordinada |
República Dominicana |
| 910 ## - VALIDACIÓN |
| Validación |
VMateo V./Validado |
| 942 ## - ADDED ENTRY ELEMENTS (KOHA) |
| Source of classification or shelving scheme |
Dewey Decimal Classification |
| Koha item type |
Libros |